00337nam a22001337a 4500003000400000008004100004020001800045082001400063100002000077245006200097250001100159260002500170300000800195OSt240411b |||||||| |||| 00| 0 eng d a9789389423853 a006.3 MAG aMANASWI,Navin K aGenerative Adversarial Networks with Industrial Use Cases a1st Ed aNew DelhibBPBc2020 a118